000 00930nam a2200289 i 4500
001 000012953
003 DO-SdBNP
005 20250218085047.0
007 ta
008 091118s1993 dr 000 j spa d
040 _aDO-SdBNP
_bspa
_cBNPHU
_erda
041 _hspa
082 _aRD863.44
_bR696p
_222
100 1 _aRodríguez Soriano, René,
_d1950-
_9232
_eautor
245 1 0 _aProbablemente es virgen, todavía /
_cRené Rodríguez Soriano, Ramón Tejada Holguín.
264 1 _aSanto Domingo :
_bGente,
_c1993.
300 _a104 páginas
_c21 cm.
336 _atexto
_btxt
_2rdacontent
337 _asin mediación
_bn
_2rdamedia
338 _avolumen
_bnc
_0rdacarrier
590 _aInventariado, 2020 /MAA
650 0 _aCuentos dominicanos
_9176
650 0 _aLiteratura dominicana.
_967
700 1 _aTejada Holguín, Ramón,
_d1961-
_eautor
_929856
910 _aValidado. Control de calidad MMOLINA
942 _2ddc
_cLBS1
999 _c12601
_d12601